00593nam a2200181 a 450000100060000000300090000600800410001502000150005604000280007108200170009910000310011624500750014726000430022230000110026565000450027665000480032165000420036923132CO-ViMGA141112s2004 ck r 000 u spa d a9588235014 aCO-ViMGAbspacCO-ViMGA04a342.861 F5671 aFlores Ruiz, Jose Rodrigo10aEl sistema de fuentes en la constitucion colombiana después de 1991 aColombia : bBiblioteca Juridica Dike a130 p.14aCOLOMBIA - CONSTITUCION , 1991 - FUENTES14aORDENAMIENTO JURIDICO - COLOMBIA - FUENTES 14aREFORMAS CONSTITUCIONALES - COLOMBIA